Statistics for Words containing "man"

Click here to take the quiz!

General Stats

  • This quiz has been taken 27 times
  • The average score is 9 of 25

Answer Stats

HintAnswer% Correct
An official order to do somethingMandate
72%
A tropical fruitMango
72%
A jawbone of mammals or fishesMandible
67%
A lotMany
67%
A citrus fruitMandarin
61%
By handManual
61%
To give an authoritative orderCommand
50%
A dummyMannequin
50%
Produce on a large scaleManufacture
44%
A wizard that raises something from the deathNecromancer
44%
To make a request based on rightsDemand
39%
Careful rearrangement of the boundaries of an electoral constituency to favour one partyGerrymandering
39%
A structure above a fireplaceMantelpiece
39%
Related to the expression of loveRomantic
39%
To spread from a sourceEmanate
28%
A diviner in North Asian and American religions or culturesShaman
28%
A public declaration of policies and aimsManifesto
22%
A calendar with important datesAlmanac
17%
A white French dessertBlancmange
11%
To control or handle skillfullyManipulate
11%
A large travelling bagPortmanteau
11%
To express disapproval formallyReprimand
11%
Lasting indefinitelyPermanent
6%
Related to the meaning of wordsSemantic
6%
To break something carefully and systematically into piecesDismantle
0%

Score Distribution

Percentile by Number Answered

Percent of People with Each Score

Your Score History

You have not taken this quiz